| 000 | 00000nam##2200000za#4500 |
| 001 | 9.601096 |
| 003 | CaOODSP |
| 005 | 20220901164726 |
| 007 | cr ||||||||||| |
| 008 | 150406|2002||||xxc|||||o f|0| 0 fre|d |
| 040 | |aCaOODSP|bfre |
| 043 | |an-cn--- |
| 086 | 1 |aJ3-10/16F-PDF |
| 110 | 1 |aCanada.|bJustice Canada. |
| 245 | 10|aReprésentation des immigrants et des demandeurs du statut de réfugié : |h[ressource électronique]|brapport final de l'étude / |c[par] John Frecker ... [et al.]. |
| 260 | |aOttawa - Ontario : |bJustice Canada |cOctobre 2002. |
| 300 | |a170p.|bréférences, tableaux |
| 490 | 1 |aSérie de recherches sur l'aide juridique|vRR03LARS16f |
| 590 | |a11-09-Supp|b2011-06-30 |
| 720 | 1 |aFrecker, John |
| 775 | 08|tRepresentation for immigrants and refugee claimants : |w(CaOODSP)9.570350 |
| 830 | #0|aSérie de recherches sur l'aide juridique ;|vRR03LARS16f|w(CaOODSP)9.502071 |
| 856 | 40|ahttp://publications.gc.ca|qPDF|s1.28 Mo|uhttps://publications.gc.ca/collections/collection_2011/jus/J3-10-16-fra.pdf|yRR03LARS16f |